Taiwan provokuje, chce do OSN jeden z najväčších obchodných partnerov Európy sa chce vrátiť ...

Bibliographic Details
Main Author: Hudák, Tomáš (Author)
Format: Article
Language:Slovak
PhysicalDescription:Fotogr.
ISSN:1335-440X
Subjects:

MARC

LEADER 00000nab a2200000 ar4500
001 vtls009152047
003 SK-MaSNL
005 20260305015533.0
008 071022c20070919xo dr|p|||||||000 b|slo
015 |a SNBRB2007/10  |2 snkbucl 
040 |a SNKBUCL  |b slo  |c SNKBUCL  |e AACR2 
041 0 |a slo 
044 |a xo  |c SK 
080 |a 327  |x (529)  |2 2001 
100 1 |a Hudák, Tomáš  |4 aut  |9 337378 
245 1 0 |a Taiwan provokuje, chce do OSN  |b jeden z najväčších obchodných partnerov Európy sa chce vrátiť ...  |c Tomáš Hudák 
300 |b Fotogr. 
500 |a Od 15.1.2007 návrat k pôvodnému vročeniu 
610 2 7 |a Organizácia spojených národov  |2 snkbucl  |9 84034 
650 0 7 |a zahraničná politika  |2 snkbucl  |9 971 
651 7 |a Taiwan  |2 snkbucl  |9 41573 
773 0 |t Sme  |g Roč. 15, č. 215 (19.9.2007), s. 12  |x 1335-440X 
852 |a SNK  |b KIS3GCP 
958 |a TW 
958 |a CN 
999 |c 3275721  |d 3277651